000 00823nam a2200241Ia 4500
003 OSt
005 20220925230621.0
006 a|||||r|||| 00| 0
007 ta
008 220923b |||||||| |||| 00| 0 eng d
020 _a9780300207675
_c2276.6399999999999
037 _b12664, 22/03/2016, Elite Publisher Distributors
_cGeneral Book
040 _aRTL
_cRTL
_beng
041 _2eng
_aeng
082 _aO111,2M74, Q5
100 _aKRAUS Karl
_9293951
245 0 _aLast days of mankind
_b The complete test translated by fred bridgham and edward timms
260 _aLondon
_bYale University Press
_c2015
300 _axxii, 645p
_ccm.
650 _aSociology
942 _hO111,2M74, Q5
_cGB
_2CC
999 _c586125
_d586125